| 000 | 00510nam a2200169Ia 4500 | ||
|---|---|---|---|
| 999 |
_c11637 _d11637 |
||
| 082 | _a616.85206 COG- | ||
| 245 | 0 | _aCognitive behavioural therapy for eating disorders: a comprehensive treatment guide | |
| 260 |
_aCambridge _bCambridge University Press _c2007 |
||
| 300 | _axxii, 444 | ||
| 504 | _aincludes index | ||
| 650 |
_aEating disorders _vTreatment |
||
| 650 | _aCognitive therapy | ||
| 650 | _aBehavior therapy | ||
| 650 |
_aEating disorders _vTherapy |
||
| 700 | _aWaller, Glenn | ||
| 942 |
_cBK _2ddc |
||